000 00465nam a2200181Ia 4500
008 090124s9999 xx 000 0 und d
082 _b118782
100 _aमंत्री रमेश
245 _a महानगर
250 _a1
260 _c1976
300 _a261
600 _aमंत्री रमेश
630 _a महानगर
700 _aमंत्री रमेश
730 _a महानगर
942 _cBOOK
999 _c164868
_d164868